[Event "Foment Martinenc op-C 22nd"]
[Site "Barcelona"]
[Date "2022.05.21"]
[Round "5"]
[White "Espadero Roda, Francesc"]
[Black "Garcia Canals, Gerard"]
[Result "1-0"]
[WhiteElo "1697"]
[BlackElo "1456"]
[PlyCount "93"]
[EventDate "2022.04.23"]
[EventType "swiss"]
[EventRounds "9"]
[EventCountry "ESP"]
[SourceTitle "EXT 2023"]
[Source "ChessBase"]
[SourceDate "2022.10.05"]
[SourceVersion "1"]
[SourceVersionDate "2022.10.05"]
[SourceQuality "1"]

1. d4 d5 2. Bf4 Nf6 3. e3 e6 4. Bd3 Bd6 5. Ne2 0-0 6. Nd2 c5 7. c3 b6 8. Nf3 Bb7 9. Ne5 Qc7 10. 0-0 Nbd7 11. Bg5 Nxe5 12. dxe5 Bxe5 13. f4 Bd6 14. Bxf6 gxf6 15. Rf3 Rfd8 16. Rg3+ Kf8 17. Bxh7 Ke7 18. Rg7 Rf8 19. Ng3 Qc6 20. Qh5 d4 21. Be4 Qc7 22. Bg6 dxe3 23. Bxf7 Kd8 24. Rd1 Kc8 25. Qg6 Kb8 26. Bxe6 Qd8 27. Rd7 Qe8 28. Qxe8+ Rxe8 29. R1xd6 Ba6 30. c4 Rc8 31. b3 Bb7 32. Bd5 Bxd5 33. Rxd5 a5 34. R7d6 Kb7 35. Rxf6 Re8 36. Ne2 Rad8 37. Kf1 a4 38. bxa4 Ra8 39. Rd7+ Kc8 40. Rdd6 Rxa4 41. Rc6+ Kd7 42. Rfd6+ Ke7 43. f5 Rxa2 44. Re6+ Kf7 45. Rc7+ Kf8 46. Nf4 Rc2 47. Ng6+ 1-0

[Event "Foment Martinenc op-C 22nd"]
[Site "Barcelona"]
[Date "2022.04.30"]
[Round "2"]
[White "Berbel Gutierrez, Jose Guillermo"]
[Black "Espadero Roda, Francesc"]
[Result "1/2-1/2"]
[WhiteElo "1791"]
[BlackElo "1697"]
[PlyCount "34"]
[EventDate "2022.04.23"]
[EventType "swiss"]
[EventRounds "9"]
[EventCountry "ESP"]
[SourceTitle "EXT 2023"]
[Source "ChessBase"]
[SourceDate "2022.10.05"]
[SourceVersion "1"]
[SourceVersionDate "2022.10.05"]
[SourceQuality "1"]

1. e4 e5 2. Nf3 Nc6 3. Bb5 d6 4. h3 f5 5. d3 h6 6. Nc3 Bd7 7. exf5 Bxf5 8. Be3 Bd7 9. Qe2 a6 10. Bc4 Nf6 11. a3 Ne7 12. 0-0-0 b5 13. Bb3 c5 14. g4 Bc6 15. Rhg1 Qc7 16. g5 Nfd5 17. Nxd5 Nxd5 1/2-1/2

[Event "Foment Martinenc op-C 22nd"]
[Site "Barcelona"]
[Date "2022.04.23"]
[Round "1"]
[White "Espadero Roda, Francesc"]
[Black "Bas Cornella, Marti"]
[Result "1-0"]
[WhiteElo "1697"]
[BlackElo "1392"]
[PlyCount "81"]
[EventDate "2022.04.23"]
[EventType "swiss"]
[EventRounds "9"]
[EventCountry "ESP"]
[SourceTitle "EXT 2023"]
[Source "ChessBase"]
[SourceDate "2022.10.05"]
[SourceVersion "1"]
[SourceVersionDate "2022.10.05"]
[SourceQuality "1"]

1. d4 d5 2. Bf4 Nc6 3. Nf3 Bf5 4. Nbd2 e6 5. e3 Bb4 6. c3 Bd6 7. Qb3 Bxf4 8. Qxb7 Na5 9. Bb5+ Kf8 10. Qa6 c6 11. Bxc6 Nxc6 12. Qxc6 Rb8 13. exf4 Rxb2 14. 0-0 Be4 15. Nxe4 dxe4 16. Qxe4 Nf6 17. Qd3 Ng4 18. Nd2 Qc7 19. Rab1 Rxb1 20. Rxb1 Qxf4 21. Nf3 Ke7 22. h3 Nf6 23. Ne5 Kd6 24. Nxf7+ Ke7 25. Nxh8 Ne4 26. Qf3 e5 27. Qxf4 exf4 28. Rb7+ Kf6 29. Rf7+ Kg5 30. h4+ Kg4 31. f3+ Kxh4 32. Rxf4+ Kg5 33. Rxe4 a5 34. d5 a4 35. d6 a3 36. d7 g6 37. Nf7+ Kf6 38. Nd6 g5 39. d8Q+ Kg6 40. Qe8+ Kf6 41. Qf7# 1-0

[Event "Mataro Maresme op-B 13th"]
[Site "Mataro"]
[Date "2016.10.22"]
[Round "3"]
[White "Gabarro Servitja, Adria"]
[Black "Espadero Roda, Francesc"]
[Result "1-0"]
[WhiteElo "1327"]
[BlackElo "1531"]
[PlyCount "87"]
[EventDate "2016.10.08"]
[EventType "swiss"]
[EventRounds "9"]
[EventCountry "ESP"]
[SourceTitle "EXT 2018"]
[Source "ChessBase"]
[SourceDate "2017.10.13"]
[SourceVersion "1"]
[SourceVersionDate "2017.10.13"]
[SourceQuality "1"]

1. e4 g6 2. d4 d6 3. Nc3 Bg7 4. Bg5 Nd7 5. Nf3 a6 6. a4 b6 7. Bc4 Ndf6 8. e5 d5 9. exf6 Nxf6 10. Bxf6 Bxf6 11. Bxd5 Rb8 12. Bc6+ Bd7 13. Bxd7+ Qxd7 14. Ne4 Bg7 15. Qd3 a5 16. Qb5 c6 17. Qd3 0-0 18. Rd1 Rfd8 19. 0-0 Qc7 20. c3 Rd5 21. Rd2 Bh6 22. Rdd1 Rbd8 23. Qe2 Qf4 24. Rd3 c5 25. Qe3 c4 26. Qxf4 Bxf4 27. Rdd1 e5 28. Nf6+ Kg7 29. Nxd5 e4 30. Nxf4 exf3 31. gxf3 g5 32. Nh3 Rd5 33. Rfe1 f6 34. Re6 b5 35. axb5 Rxb5 36. Rd2 Rf5 37. Kg2 h5 38. Re4 Rd5 39. Re7+ Kg6 40. Rc7 Rf5 41. d5 g4 42. fxg4 hxg4 43. Ng1 Re5 44. d6 1-0

[Event "Roncana op-B 9th"]
[Site "Santa Eulalia de Roncana"]
[Date "2015.11.14"]
[Round "6"]
[White "Espadero Roda, Francesc"]
[Black "Masclans Badia, Xavier"]
[Result "1-0"]
[WhiteElo "1829"]
[BlackElo "1736"]
[PlyCount "59"]
[EventDate "2015.10.03"]
[EventType "swiss"]
[EventRounds "8"]
[EventCountry "ESP"]
[SourceTitle "EXT 2017"]
[Source "ChessBase"]
[SourceDate "2016.10.25"]
[SourceVersion "1"]
[SourceVersionDate "2016.10.25"]
[SourceQuality "1"]

1. d4 d5 2. f4 Nc6 3. Nf3 Nf6 4. c3 Bg4 5. Nbd2 e6 6. Qc2 Bd6 7. Ne5 Nh5 8. g3 Nxe5 9. fxe5 Be7 10. Nf3 c5 11. c4 cxd4 12. Nxd4 Rc8 13. e3 0-0 14. Bd3 g6 15. Bd2 f6 16. Bc3 fxe5 17. Bxg6 e4 18. Bxh5 Bxh5 19. Nxe6 Qb6 20. Nd4 Rxc4 21. Qd2 Qh6 22. Rf1 Rxf1+ 23. Kxf1 Rc8 24. Kg1 Bg5 25. Nf5 Qe6 26. Rf1 Rf8 27. Qd4 Bf6 28. Nh6+ Kg7 29. Rxf6 Qxf6 30. Qxd5 1-0

[Event "Roncana op-B 9th"]
[Site "Santa Eulalia de Roncana"]
[Date "2015.11.07"]
[Round "5"]
[White "Lobo Bruguera, Xavier"]
[Black "Espadero Roda, Francesc"]
[Result "1-0"]
[WhiteElo "1754"]
[BlackElo "1829"]
[PlyCount "128"]
[EventDate "2015.10.03"]
[EventType "swiss"]
[EventRounds "8"]
[EventCountry "ESP"]
[SourceTitle "EXT 2017"]
[Source "ChessBase"]
[SourceDate "2016.10.25"]
[SourceVersion "1"]
[SourceVersionDate "2016.10.25"]
[SourceQuality "1"]

1. d4 e6 2. e3 Nf6 3. Bd3 c5 4. c3 a6 5. Nd2 b5 6. dxc5 Bxc5 7. Ne4 d6 8. Nxf6+ Qxf6 9. Qf3 Qxf3 10. Nxf3 Bb7 11. Be2 Nd7 12. 0-0 h6 13. Rd1 d5 14. b3 0-0 15. Bb2 Rad8 16. Rac1 Be7 17. c4 b4 18. cxd5 exd5 19. Rc7 Ba8 20. Bxa6 Bf6 21. Bxf6 Nxf6 22. Rdc1 d4 23. Nxd4 Nd5 24. Rc8 Nc3 25. Rxd8 Rxd8 26. a4 Bd5 27. Kf1 Rd6 28. Be2 Kh7 29. f3 Rf6 30. Ke1 g6 31. e4 Bb7 32. Nb5 Rc6 33. Nxc3 bxc3 34. Bc4 Kg7 35. Rxc3 Kf6 36. Ke2 Ke5 37. g3 f5 38. exf5 gxf5 39. Re3+ Kf6 40. Rd3 Ba6 41. Bxa6 Rxa6 42. Kd2 Ke5 43. Kc3 Rc6+ 44. Kb2 h5 45. b4 f4 46. b5 Rb6 47. Kb3 Rg6 48. gxf4+ Kxf4 49. h3 Rg1 50. Kb4 Rh1 51. Rd4+ Ke3 52. Rc4 Kd3 53. Re4 Rxh3 54. Ka5 Rxf3 55. Re5 Rf8 56. Rxh5 Kc4 57. Rh6 Ra8+ 58. Ra6 Rh8 59. Rc6+ Kd5 60. Kb6 Rh4 61. a5 Rh8 62. Kb7 Rh3 63. a6 Rh7+ 64. Rc7 Rh8 1-0

[Event "Barcelona Sant Marti op-B 17th"]
[Site "Barcelona"]
[Date "2015.07.16"]
[Round "4"]
[White "Espadero Roda, Francesc"]
[Black "Collell Rodriguez, Victor"]
[Result "0-1"]
[WhiteElo "1862"]
[BlackElo "1987"]
[PlyCount "72"]
[EventDate "2015.07.13"]
[EventType "swiss"]
[EventRounds "9"]
[EventCountry "ESP"]
[SourceTitle "EXT 2016"]
[Source "ChessBase"]
[SourceDate "2015.10.08"]
[SourceVersion "1"]
[SourceVersionDate "2015.10.08"]
[SourceQuality "1"]

1. d4 Nf6 2. c4 c5 3. d5 b5 4. b3 g6 5. Bb2 Bg7 6. e4 d6 7. Be2 0-0 8. Nd2 Qa5 9. Qc2 e6 10. f4 exd5 11. cxd5 Re8 12. Bc3 b4 13. Bb2 Nxe4 14. Bxg7 Nxd2 15. Qxd2 Kxg7 16. 0-0-0 Bf5 17. Nf3 Qa3+ 18. Qb2+ Qxb2+ 19. Kxb2 Rxe2+ 20. Rd2 Rxd2+ 21. Nxd2 Nd7 22. h3 Re8 23. g4 Bd3 24. a4 Re2 25. Kc1 Nb6 26. h4 Nxd5 27. Rf1 Nc3 28. Rf3 Be4 29. Rf1 d5 30. h5 c4 31. Nxe4 Nxe4 32. bxc4 Ra2 33. Rf3 dxc4 34. g5 gxh5 35. f5 c3 36. Rf4 Re2 0-1